00714 2200253 4500001002100000005001500021035002000036007000300056008004100059020002200100082001600122100001700138245004300155250001200198260006200210300003000272650003700302650002600339700002200365856001700387084002200404990001700426990001700443INLIS00000000000027920250711022538 a0010-0725000279ta250711 a 0 ind  a978-623-472-258-1 a398.209 5980 aQuader,Suhel1 aEngkaukah Pelatuk Itu? /cSuhel Quader aPertama aJakarta :bBadan Pengembangan dan Pembinaan Bahasa,c2022 a20hlm. :bilus. ;c22,9cm 4acerita anak indonesia terjemahan 4aliterasi bahan bacaan0 aKalyani Ganapathy aTBM ASYUHADA a398.209 598 QUA e aTBM202400141 aTBM202400195